00784nam a2200229 a 450000100060000000300080000600500170001400800390003103500140007004000320008404100080011608200260012410000190015024500850016926000370025430000320029149000660032350400360038965000380042570000250046383000660048855034BD-RjUL20211209080215.0161113s1964 nyuab b 001 0 eng a(BD-RjUL) aDLCcDLCdDLCdBD-RjULbeng aeng00a338.973bISB 19642231 aIsaacs, Asher.10aBusiness, government, and public policy /cAsher Isaacs and Reuben E. Slesinger. aNew York :bVan Nostrand,c1964. axv, 461p. :bill. ;c24 cm. aVan nostrand series in business administration and economics. aIncludes index and bibliography 0aIndustrial policyzUnited States.1 aSlesinger, Reuben E. aVan nostrand series in business administration and economics.